The history and the collection

I tiakina i:
Ngā taipitopito rārangi puna kōrero
Kaituhi rangatōpū: The Museum of Modern Art, New York (Author)
Hōputu: Pukapuka
Reo:Ingarihi
I whakaputaina: Nueva York Harry N. Abrams 1997
Ngā marau:
Ngā Tūtohu: Tāpirihia he Tūtohu
Kāore He Tūtohu, Me noho koe te mea tuatahi ki te tūtohu i tēnei pūkete!

MARC

LEADER 00000nam a2200000 a 4500
001 UCP7069
003 CL-VaPUC
008 991126e19970000US |||||||||||||||||eng|d
082 0 4 |a 709.04  |b THE  |2 21 
110 2 |a The Museum of Modern Art, New York  |e author  |9 436464 
245 1 4 |a The history and the collection 
300 |a 599 p 
942 |c BK 
945 |d 19991126 00:00:00  |a rbrito 
260 |a Nueva York  |b Harry N. Abrams  |c 1997 
600 0 7 |a MUSEO DE ARTE MODERNO  |2 CL-VaPUC  |9 436465 
650 0 |a Arte moderno  |9 265333 
650 0 |a Iconografía   |9 267998 
650 0 |a Pintura  |9 265046 
650 0 |a Escultura  |9 265737 
650 0 |a Dibujos  |9 264123 
650 0 |a Fotografías  |9 268494 
650 0 |a Videos  |9 335420 
651 0 |a New York   |9 328390 
583 |a last modification  |c 19991126 00:00:00  |k Rodrigo Vera 
999 |c 284418  |d 284416 
952 |0 0  |1 0  |4 0  |6 709_040000000000000_THE_1997  |7 0  |8 P  |9 328425  |a BIBARQ  |b BIBARQ  |d 2019-11-20  |i 3582825  |o 709.04 THE 1997  |p 3582825  |r 2025-01-20  |w 2019-11-20  |y BK  |k ARQ